000 00526nam a22001817a 4500
005 20160927154111.0
010 _aENG-116117
020 _a9788189056292
_c400.00
035 _aEN-99649
037 _bDBAD/PUB
082 _a371.2
100 _aTripathi, Krishna Mohan
245 _aGovernance in education /
_cby krishna Mohan Tripathi
260 _aAllahbad
_bShivam Prakashan
_c2015
270 _a379A,Shivkuti
_bAllahbad
_e211002
300 _a112p. :
_bill
_c22cm(Hb)
942 _2ddc
_cEN
_h371.2
_mTRI
999 _c103693
_d103693